Normal view
MARC view
Entry Personal Name
001 - CONTROL NUMBER
- control field: 33904
003 - CONTROL NUMBER IDENTIFIER
- control field: dpl
005 - DATE AND TIME OF LATEST TRANSACTION
- control field: 20110829143701.0
008 - FIXED-LENGTH DATA ELEMENTS
- fixed length control field: 110829|||a|||||| | ||| d
040 ## - CATALOGING SOURCE
- Original cataloging agency: dpl
- Transcribing agency: dpl
100 ## - HEADING--PERSONAL NAME
- Personal name: शर्मा, रूपनारायण
670 ## - SOURCE DATA FOUND
- Source citation: Work cat.: (dpl): शर्मा, रूपनारायण, तू डाल-डाल मैं पात-पात /, 2009
670 ## - SOURCE DATA FOUND
- Source citation: Work cat.: (dpl): शर्मा, रूपनारायण, तू डाल-डाल मैं पात-पात /, 2009
